74_表記が2文字かつ読みが4文字の市区町村 - Statistics

General Stats
  • This quiz has been taken 26 times
  • The average score is 437 of 558
Answer Stats
表記
文字
読み
文字
都道府
県名
種類 市区町村名 % Correct
2 4 栃木県 足利市
100%
2 4 北海道 芦別市
100%
2 4 熊本県 天草市
100%
2 4 岩手県 一戸町
100%
2 4 愛媛県 今治市
100%
2 4 大分県 大分市
100%
2 4 大阪府 大阪市
100%
2 4 長野県 大町市
100%
2 4 佐賀県 大町町
100%
2 4 愛知県 岡崎市
100%
2 4 岡山県 岡山市
100%
2 4 北海道 帯広市
100%
2 4 千葉県 鴨川市
100%
2 4 埼玉県 川越市
100%
2 4 三重県 川越町
100%
2 4 神奈川県 川崎市
100%
2 4 宮城県 | 福岡県 川崎町
100%
2 4 群馬県 桐生市
100%
2 4 東京都 国立市
100%
2 4 熊本県 熊本市
100%
2 4 愛知県 江南市
100%
2 4 高知県 香南市
100%
2 4 東京都 特別区 台東区
100%
2 4 千葉県 館山市
100%
2 4 富山県 立山町
100%
2 4 東京都 調布市
100%
2 4 大阪府 豊中市
100%
2 4 愛知県 豊橋市
100%
2 4 青森県 八戸市
100%
2 4 大阪府 枚方市
100%
2 4 青森県 弘前市
100%
2 4 広島県 広島市
100%
2 4 神奈川県 横浜市
100%
2 4 青森県 横浜町
100%
2 4 神奈川県 愛川町
95%
2 4 愛媛県 愛南町
95%
2 4 青森県 青森市
95%
2 4 東京都 特別区 板橋区
95%
2 4 千葉県 市川市
95%
2 4 兵庫県 市川町
95%
2 4 千葉県 市原市
95%
2 4 大阪府 茨木市
95%
2 4 茨城県 茨城町
95%
2 4 新潟県 魚沼市
95%
2 4 宮城県 大崎市
95%
2 4 鹿児島県 大崎町
95%
2 4 沖縄県 沖縄市
95%
2 4 和歌山県 海南市
95%
2 4 千葉県 勝浦市
95%
2 4 徳島県 勝浦町
95%
2 4 東京都 特別区 葛飾区
95%
2 4 岩手県 釜石市
95%
2 4 和歌山県 北山村
95%
2 4 鹿児島県 霧島市
95%
2 4 岡山県 倉敷市
95%
2 4 鳥取県 倉吉市
95%
2 4 東京都 特別区 江東区
95%
2 4 北海道 札幌市
95%
2 4 青森県 三戸町
95%
2 4 長崎県 島原市
95%
2 4 福島県 白河市
95%
2 4 岐阜県 白川町
95%
2 4 岐阜県 白川村
95%
2 4 宮城県 仙台市
95%
2 4 秋田県 大仙市
95%
2 4 鳥取県 大山町
95%
2 4 群馬県 高崎市
95%
2 4 大阪府 高槻市
95%
2 4 香川県 高松市
95%
2 4 岐阜県 高山市
95%
2 4 群馬県 | 長野県 高山村
95%
2 4 千葉県 銚子市
95%
2 4 茨城県 土浦市
95%
2 4 愛知県 常滑市
95%
2 4 群馬県 富岡市
95%
2 4 福島県 富岡町
95%
2 4 宮崎県 日南市
95%
2 4 鳥取県 日南町
95%
2 4 北海道 函館市
95%
2 4 岩手県 花巻市
95%
2 4 大阪府 阪南市
95%
2 4 福島県 福島市
95%
2 4 北海道 福島町
95%
2 4 広島県 福山市
95%
2 4 神奈川県 藤沢市
95%
2 4 広島県 | 東京都 府中市
95%
2 4 広島県 府中町
95%
2 4 新潟県 村上市
95%
2 4 北海道 室蘭市
95%
2 4 熊本県 八代市
95%
2 4 山形県 山形市
95%
2 4 岐阜県 山県市
95%
2 4 長野県 山形村
95%
2 4 山口県 山口市
95%
2 4 北海道 夕張市
95%
2 4 北海道 陸別町
95%
2 4 兵庫県 相生市
90%
2 4 愛知県 愛西市
90%
2 4 北海道 愛別町
90%
2 4 東京都 昭島市
90%
2 4 北海道 網走市
90%
2 4 東京都 特別区 荒川区
90%
2 4 福岡県 飯塚市
90%
2 4 長崎県 諫早市
90%
2 4 沖縄県 石垣市
90%
2 4 福岡県 糸島市
90%
2 4 愛知県 稲沢市
90%
2 4 茨城県 稲敷市
90%
2 4 愛知県 犬山市
90%
2 4 鹿児島県 指宿市
90%
2 4 愛知県 岩倉市
90%
2 4 沖縄県 浦添市
90%
2 4 島根県 雲南市
90%
2 4 東京都 大島町
90%
2 4 広島県 大竹市
90%
2 4 秋田県 大館市
90%
2 4 山梨県 大月市
90%
2 4 高知県 大月町
90%
2 4 広島県 尾道市
90%
2 4 大阪府 貝塚市
90%
2 4 静岡県 掛川市
90%
2 4 岡山県 笠岡市
90%
2 4 奈良県 橿原市
90%
2 4 石川県 金沢市
90%
2 4 神奈川県 鎌倉市
90%
2 4 北海道 上川町
90%
2 4 兵庫県 神河町
90%
2 4 埼玉県 神川町
90%
2 4 京都府 亀岡市
90%
2 4 三重県 亀山市
90%
2 4 兵庫県 川西市
90%
2 4 奈良県 | 山形県 川西町
90%
2 4 岩手県 北上市
90%
2 4 埼玉県 行田市
90%
2 4 京都府 京都市
90%
2 4 山口県 下松市
90%
2 4 埼玉県 熊谷市
90%
2 4 宮城県 栗原市
90%
2 4 奈良県 五條市
90%
2 4 長崎県 西海市
90%
2 4 奈良県 桜井市
90%
2 4 青森県 七戸町
90%
2 4 東京都 特別区 品川区
90%
2 4 埼玉県 白岡市
90%
2 4 和歌山県 新宮市
90%
2 4 福岡県 新宮町
90%
2 4 北海道 砂川市
90%
2 4 大阪府 泉南市
90%
2 4 秋田県 仙北市
90%
2 4 滋賀県 高島市
90%
2 4 岡山県 高梁市
90%
2 4 愛知県 高浜市
90%
2 4 福井県 高浜町
90%
2 4 東京都 立川市
90%
2 4 山形県 鶴岡市
90%
2 4 山形県 天童市
90%
2 4 愛知県 東海市
90%
2 4 茨城県 東海村
90%
2 4 鳥取県 鳥取市
90%
2 4 北海道 中川町
90%
2 4 長野県 中川村
90%
2 4 長崎県 長崎市
90%
2 4 滋賀県 長浜市
90%
2 4 栃木県 日光市
90%
2 4 愛知県 日進市
90%
2 4 福岡県 直方市
90%
2 4 宮崎県 延岡市
90%
2 4 静岡県 浜松市
90%
2 4 茨城県 坂東市
90%
2 4 埼玉県 飯能市
90%
2 4 東京都 檜原村
90%
2 4 北海道 深川市
90%
2 4 福岡県 福岡市
90%
2 4 群馬県 前橋市
90%
2 4 長崎県 松浦市
90%
2 4 長野県 松本市
90%
2 4 福岡県 宗像市
90%
2 4 岩手県 盛岡市
90%
2 4 埼玉県 吉川市
90%
2 4 山形県 米沢市
90%
2 4 青森県 六戸町
90%
2 4 岡山県 赤磐市
86%
2 4 北海道 赤平市
86%
2 4 福岡県 朝倉市
86%
2 4 石川県 穴水町
86%
2 4 香川県 綾川町
86%
2 4 群馬県 安中市
86%
2 4 奈良県 斑鳩町
86%
2 4 茨城県 石岡市
86%
2 4 群馬県 板倉町
86%
2 4 沖縄県 糸満市
86%
2 4 青森県 今別町
86%
2 4 山口県 岩国市
86%
2 4 千葉県 浦安市
86%
2 4 長崎県 雲仙市
86%
2 4 福井県 越前市
86%
2 4 福井県 越前町
86%
2 4 岐阜県 大垣市
86%
2 4 福岡県 大川市
86%
2 4 高知県 大川村
86%
2 4 長崎県 大村市
86%
2 4 埼玉県 桶川市
86%
2 4 宮城県 女川町
86%
2 4 大阪府 柏原市
86%
2 4 山形県 | 福島県 金山町
86%
2 4 富山県 上市町
86%
2 4 奈良県 | 長野県 川上村
86%
2 4 埼玉県 川口市
86%
2 4 埼玉県 北本市
86%
2 4 神奈川県 清川村
86%
2 4 岐阜県 郡上市
86%
2 4 青森県 黒石市
86%
2 4 埼玉県 鴻巣市
86%
2 4 静岡県 静岡市
86%
2 4 和歌山県 白浜町
86%
2 4 宮城県 白石市
86%
2 4 佐賀県 白石町
86%
2 4 愛知県 新城市
86%
2 4 東京都 特別区 杉並区
86%
2 4 大阪府 大東市
86%
2 4 大阪府 高石市
86%
2 4 富山県 高岡市
86%
2 4 兵庫県 高砂市
86%
2 4 北海道 滝川市
86%
2 4 岩手県 滝沢市
86%
2 4 茨城県 筑西市
86%
2 4 愛知県 知立市
86%
2 4 徳島県 徳島市
86%
2 4 愛知県 豊明市
86%
2 4 愛知県 豊川市
86%
2 4 石川県 白山市
86%
2 4 埼玉県 羽生市
86%
2 4 千葉県 船橋市
86%
2 4 三重県 松阪市
86%
2 4 宮城県 松島町
86%
2 4 北海道 松前町
86%
2 4 愛媛県 松山市
86%
2 4 香川県 丸亀市
86%
2 4 熊本県 水俣市
86%
2 4 大阪府 守口市
86%
2 4 千葉県 八街市
86%
2 4 福島県 矢祭町
86%
2 4 埼玉県 嵐山町
86%
2 4 徳島県 藍住町
81%
2 4 岡山県 浅口市
81%
2 4 北海道 厚岸町
81%
2 4 岐阜県 安八町
81%
2 4 長野県 飯山市
81%
2 4 福島県 石川町
81%
2 4 宮城県 岩沼市
81%
2 4 千葉県 印西市
81%
2 4 北海道 浦河町
81%
2 4 北海道 浦幌町
81%
2 4 佐賀県 嬉野市
81%
2 4 秋田県 大潟村
81%
2 4 福島県 大熊町
81%
2 4 北海道 奥尻町
81%
2 4 群馬県 片品村
81%
2 4 福井県 勝山市
81%
2 4 埼玉県 上里町
81%
2 4 石川県 川北町
81%
2 4 静岡県 菊川市
81%
2 4 千葉県 鋸南町
81%
2 4 和歌山県 串本町
81%
2 4 大分県 国東市
81%
2 4 大阪府 熊取町
81%
2 4 奈良県 黒滝村
81%
2 4 東京都 小平市
81%
2 4 香川県 琴平町
81%
2 4 神奈川県 寒川町
81%
2 4 北海道 猿払村
81%
2 4 宮城県 塩竈市
81%
2 4 長野県 塩尻市
81%
2 4 茨城県 下妻市
81%
2 4 北海道 白老町
81%
2 4 岡山県 総社市
81%
2 4 新潟県 胎内市
81%
2 4 茨城県 高萩市
81%
2 4 広島県 竹原市
81%
2 4 福岡県 筑前町
81%
2 4 千葉県 東金市
81%
2 4 千葉県 富里市
81%
2 4 兵庫県 豊岡市
81%
2 4 新潟県 長岡市
81%
2 4 高知県 南国市
81%
2 4 京都府 南丹市
81%
2 4 新潟県 新潟市
81%
2 4 東京都 新島村
81%
2 4 神奈川県 二宮町
81%
2 4 和歌山県 橋本市
81%
2 4 山形県 東根市
81%
2 4 熊本県 人吉市
81%
2 4 宮崎県 日向市
81%
2 4 青森県 平川市
81%
2 4 神奈川県 平塚市
81%
2 4 静岡県 藤枝市
81%
2 4 群馬県 藤岡市
81%
2 4 大阪府 松原市
81%
2 4 岐阜県 瑞浪市
81%
2 4 宮崎県 宮崎市
81%
2 4 山形県 村山市
81%
2 4 神奈川県 山北町
81%
2 4 福岡県 行橋市
81%
2 4 北海道 和寒町
81%
2 4 北海道 足寄町
76%
2 4 福島県 飯舘村
76%
2 4 長野県 飯綱町
76%
2 4 北海道 石狩市
76%
2 4 長野県 王滝村
76%
2 4 愛知県 大治町
76%
2 4 北海道 興部町
76%
2 4 北海道 音更町
76%
2 4 秋田県 潟上市
76%
2 4 奈良県 葛城市
76%
2 4 静岡県 函南町
76%
2 4 北海道 栗山町
76%
2 4 埼玉県 越谷市
76%
2 4 宮崎県 小林市
76%
2 4 北海道 白糠町
76%
2 4 熊本県 | 長野県 高森町
76%
2 4 沖縄県 竹富町
76%
2 4 愛知県 武豊町
76%
2 4 大阪府 忠岡町
76%
2 4 沖縄県 北谷町
76%
2 4 奈良県 天川村
76%
2 4 長野県 豊丘村
76%
2 4 北海道 豊富町
76%
2 4 鹿児島県 長島町
76%
2 4 山形県 南陽市
76%
2 4 山梨県 早川町
76%
2 4 山梨県 笛吹市
76%
2 4 青森県 深浦町
76%
2 4 秋田県 藤里町
76%
2 4 北海道 幌延町
76%
2 4 京都府 舞鶴市
76%
2 4 長野県 松川町
76%
2 4 長野県 松川村
76%
2 4 神奈川県 真鶴町
76%
2 4 福岡県 宮若市
76%
2 4 滋賀県 守山市
76%
2 4 北海道 紋別市
76%
2 4 福岡県 柳川市
76%
2 4 山梨県 山梨市
76%
2 4 長野県 飯島町
71%
2 4 島根県 飯南町
71%
2 4 北海道 岩内町
71%
2 4 石川県 内灘町
71%
2 4 神奈川県 大磯町
71%
2 4 三重県 大台町
71%
2 4 島根県 邑南町
71%
2 4 神奈川県 開成町
71%
2 4 徳島県 海陽町
71%
2 4 岩手県 軽米町
71%
2 4 埼玉県 川島町
71%
2 4 佐賀県 神埼市
71%
2 4 奈良県 上牧町
71%
2 4 高知県 北川村
71%
2 4 北海道 清里町
71%
2 4 香川県 坂出市
71%
2 4 群馬県 渋川市
71%
2 4 奈良県 下市町
71%
2 4 北海道 下川町
71%
2 4 山梨県 昭和町
71%
2 4 福島県 | 群馬県 昭和村
71%
2 4 宮崎県 高鍋町
71%
2 4 山形県 高畠町
71%
2 4 鹿児島県 龍郷町
71%
2 4 三重県 東員町
71%
2 4 愛媛県 東温市
71%
2 4 愛知県 飛島村
71%
2 4 北海道 豊頃町
71%
2 4 香川県 直島町
71%
2 4 群馬県 南牧村
71%
2 4 福島県 西郷村
71%
2 4 山梨県 韮崎市
71%
2 4 秋田県 八峰町
71%
2 4 北海道 浜中町
71%
2 4 青森県 平内町
71%
2 4 青森県 藤崎町
71%
2 4 富山県 舟橋村
71%
2 4 滋賀県 米原市
71%
2 4 北海道 真狩村
71%
2 4 埼玉県 松伏町
71%
2 4 福岡県 水巻町
71%
2 4 奈良県 山添村
71%
2 4 北海道 湧別町
71%
2 4 北海道 蘭越町
71%
2 4 滋賀県 栗東市
71%
2 4 福島県 浅川町
67%
2 4 長野県 生坂村
67%
2 4 栃木県 市貝町
67%
2 4 北海道 浦臼町
67%
2 4 北海道 雨竜町
67%
2 4 北海道 遠別町
67%
2 4 愛知県 大口町
67%
2 4 長野県 大桑村
67%
2 4 高知県 大豊町
67%
2 4 宮城県 大衡村
67%
2 4 青森県 大鰐町
67%
2 4 福岡県 岡垣町
67%
2 4 福岡県 小郡市
67%
2 4 岐阜県 笠松町
67%
2 4 徳島県 上板町
67%
2 4 愛媛県 上島町
67%
2 4 徳島県 神山町
67%
2 4 熊本県 菊陽町
67%
2 4 鹿児島県 錦江町
67%
2 4 沖縄県 国頭村
67%
2 4 北海道 剣淵町
67%
2 4 佐賀県 江北町
67%
2 4 鳥取県 琴浦町
67%
2 4 山形県 鮭川村
67%
2 4 福島県 鮫川村
67%
2 4 大阪府 島本町
67%
2 4 栃木県 下野市
67%
2 4 群馬県 榛東村
67%
2 4 北海道 新得町
67%
2 4 北海道 壮瞥町
67%
2 4 長野県 立科町
67%
2 4 鹿児島県 垂水市
67%
2 4 群馬県 嬬恋村
67%
2 4 福島県 天栄村
67%
2 4 愛知県 東栄町
67%
2 4 愛知県 東郷町
67%
2 4 埼玉県 長瀞町
67%
2 4 茨城県 行方市
67%
2 4 山形県 西川町
67%
2 4 沖縄県 西原町
67%
2 4 熊本県 西原村
67%
2 4 兵庫県 西脇市
67%
2 4 青森県 階上町
67%
2 4 静岡県 袋井市
67%
2 4 愛知県 碧南市
67%
2 4 北海道 幕別町
67%
2 4 静岡県 松崎町
67%
2 4 宮城県 丸森町
67%
2 4 岡山県 美作市
67%
2 4 福島県 本宮市
67%
2 4 高知県 本山町
67%
2 4 福島県 柳津町
67%
2 4 福岡県 吉富町
67%
2 4 沖縄県 読谷村
67%
2 4 青森県 蓬田村
67%
2 4 熊本県 芦北町
62%
2 4 北海道 今金町
62%
2 4 北海道 遠軽町
62%
2 4 山形県 大蔵村
62%
2 4 宮城県 大郷町
62%
2 4 長野県 大鹿村
62%
2 4 岩手県 大槌町
62%
2 4 福島県 葛尾村
62%
2 4 長崎県 川棚町
62%
2 4 福島県 川俣町
62%
2 4 岐阜県 北方町
62%
2 4 徳島県 北島町
62%
2 4 北海道 共和町
62%
2 4 高知県 黒潮町
62%
2 4 高知県 芸西村
62%
2 4 岐阜県 坂祝町
62%
2 4 福岡県 篠栗町
62%
2 4 奈良県 三郷町
62%
2 4 北海道 鹿追町
62%
2 4 北海道 標茶町
62%
2 4 北海道 島牧村
62%
2 4 福島県 下郷町
62%
2 4 北海道 知内町
62%
2 4 新潟県 聖籠町
62%
2 4 奈良県 高取町
62%
2 4 福島県 棚倉町
62%
2 4 長野県 筑北村
62%
2 4 北海道 当別町
62%
2 4 青森県 東北町
62%
2 4 高知県 東洋町
62%
2 4 北海道 苫前町
62%
2 4 北海道 豊浦町
62%
2 4 愛知県 豊山町
62%
2 4 山形県 中山町
62%
2 4 北海道 南幌町
62%
2 4 岡山県 早島町
62%
2 4 岐阜県 七宗町
62%
2 4 大分県 姫島村
62%
2 4 和歌山県 | 福岡県 広川町
62%
2 4 長野県 泰阜村
62%
2 4 宮城県 山元町
62%
2 4 鹿児島県 和泊町
62%
2 4 長野県 上松町
57%
2 4 熊本県 産山村
57%
2 4 奈良県 大淀町
57%
2 4 岡山県 鏡野町
57%
2 4 徳島県 上勝町
57%
2 4 島根県 川本町
57%
2 4 鹿児島県 肝付町
57%
2 4 大分県 九重町
57%
2 4 北海道 更別村
57%
2 4 千葉県 芝山町
57%
2 4 宮崎県 新富町
57%
2 4 新潟県 関川村
57%
2 4 福岡県 東峰村
57%
2 4 滋賀県 豊郷町
57%
2 4 福島県 磐梯町
57%
2 4 北海道 平取町
57%
2 4 兵庫県 福崎町
57%
2 4 山形県 舟形町
57%
2 4 北海道 別海町
57%
2 4 鳥取県 北栄町
57%
2 4 山形県 山辺町
57%
2 4 鹿児島県 湧水町
57%
2 4 群馬県 吉岡町
57%
2 4 熊本県 苓北町
57%
2 4 宮崎県 国富町
52%
2 4 福岡県 桂川町
52%
2 4 佐賀県 玄海町
52%
2 4 千葉県 神崎町
52%
2 4 茨城県 城里町
52%
2 4 青森県 新郷村
52%
2 4 群馬県 玉村町
52%
2 4 埼玉県 滑川町
52%
2 4 埼玉県 鳩山町
52%
2 4 北海道 古平町
52%
2 4 北海道 本別町
52%
2 4 宮崎県 諸塚村
52%
2 4 高知県 檮原町
52%
2 4 熊本県 湯前町
52%
2 4 岐阜県 養老町
52%
2 4 北海道 大空町
48%
2 4 福島県 大玉村
48%
2 4 宮崎県 門川町
48%
2 4 福島県 川内村
48%
2 4 岩手県 葛巻町
48%
2 4 北海道 色丹村
48%
2 4 福島県 玉川村
48%
2 4 北海道 月形町
48%
2 4 福島県 中島村
48%
2 4 北海道 長沼町
48%
2 4 山梨県 鳴沢村
48%
2 4 福岡県 久山町
48%
2 4 徳島県 松茂町
48%
2 4 北海道 蘂取村
43%
2 4 宮崎県 高原町
43%
2 4 熊本県 南関町
43%
2 4 福島県 古殿町
43%
2 4 埼玉県 宮代町
43%
2 4 三重県 度会町
43%
2 4 福岡県 大任町
38%
2 4 佐賀県 上峰町
38%
2 4 宮崎県 木城町
38%
2 4 山形県 白鷹町
38%
2 4 熊本県 水上村
38%
2 4 千葉県 睦沢町
38%
No matching quizzes found
Score Distribution
Percent of People with Each Score
Percentile by Number Answered
Your Score History
You have not taken this quiz